000
00259nam a22001097a 4500
082
_a
530.07 ALL'T
100
_a
MOORE, H,ALLEN, H. S
_9
57144
245
_a
A TEXT-BOOK OF PRACTICAL PHYSICS
260
_a
LONDON
_b
MACMILLAN
_c
1941
300
_a
696P
942
_c
BK
999
_c
567442
_d
567442